| 000 | 00724nam a2200205 a 4500 | ||
|---|---|---|---|
| 001 | 000034873 | ||
| 005 | 20240301185227.0 | ||
| 008 | 111021s1970 ag 000 0 spa d | ||
| 040 |
_aDO-SdBNP _bspa _cBNPHU |
||
| 100 | 1 |
_aEngels, Friedrich, _d1820-1895 _960306 |
|
| 240 | 1 | 0 |
_aDeutsche Bauernkrieg. _lSpanish |
| 245 | 1 | 4 |
_aLas guerras campesinas en alemania / _cFederico Engels ; versión al español de Leandro Martínez. |
| 260 |
_aBuenos Aires : _bEditorial Andes, _c1970. |
||
| 300 |
_a197 p. ; _c18 cm. |
||
| 500 | _aIncluye índice | ||
| 590 | _aPerteneció a la biblioteca personal de Juan Isidro Jimenes Grullón. | ||
| 504 | _aBibliografía : p. 195-196 | ||
| 700 | 1 |
_aMartínez, Leandro _960418 |
|
| 049 | _aBNPD | ||
| 999 |
_c34364 _d34364 |
||